<?xml version="1.0" encoding="UTF-8"?>
<record
    xmlns:xsi="http://www.w3.org/2001/XMLSchema-instance"
    xsi:schemaLocation="http://www.loc.gov/MARC21/slim http://www.loc.gov/standards/marcxml/schema/MARC21slim.xsd"
    xmlns="http://www.loc.gov/MARC21/slim">

  <leader>00558nam a22001817a 4500</leader>
  <controlfield tag="005">20220406175223.0</controlfield>
  <controlfield tag="008">220406b           ||||| |||| 00| 0 eng d</controlfield>
  <datafield tag="020" ind1=" " ind2=" ">
    <subfield code="a">0910443211</subfield>
  </datafield>
  <datafield tag="040" ind1=" " ind2=" ">
    <subfield code="c">CAAAP</subfield>
  </datafield>
  <datafield tag="041" ind1=" " ind2=" ">
    <subfield code="a">spa</subfield>
  </datafield>
  <datafield tag="050" ind1=" " ind2=" ">
    <subfield code="a">FB43.K8</subfield>
    <subfield code="b">H79</subfield>
  </datafield>
  <datafield tag="100" ind1="1" ind2=" ">
    <subfield code="9">5209</subfield>
    <subfield code="a">Howe, James</subfield>
  </datafield>
  <datafield tag="245" ind1="1" ind2="3">
    <subfield code="a">Un pueblo que no se arrodillaba :</subfield>
    <subfield code="b">panam&#xE1;, los estados unidos y los kunas de San Blas /</subfield>
    <subfield code="c">James Howe</subfield>
  </datafield>
  <datafield tag="260" ind1=" " ind2=" ">
    <subfield code="a">Miami :</subfield>
    <subfield code="b">Plumsock Mesoamerican Studies,</subfield>
    <subfield code="c">2004</subfield>
  </datafield>
  <datafield tag="300" ind1=" " ind2=" ">
    <subfield code="a">461 p.:</subfield>
    <subfield code="b">il.;</subfield>
    <subfield code="c">26 cm.</subfield>
  </datafield>
  <datafield tag="650" ind1=" " ind2="0">
    <subfield code="9">64</subfield>
    <subfield code="a">Evangelizaci&#xF3;n</subfield>
  </datafield>
  <datafield tag="942" ind1=" " ind2=" ">
    <subfield code="2">lcc</subfield>
    <subfield code="b">DD - MM - AA</subfield>
    <subfield code="c">BK</subfield>
  </datafield>
  <datafield tag="999" ind1=" " ind2=" ">
    <subfield code="c">3706</subfield>
    <subfield code="d">3706</subfield>
  </datafield>
  <datafield tag="952" ind1=" " ind2=" ">
    <subfield code="2">lcc</subfield>
    <subfield code="a">CAAAP</subfield>
    <subfield code="b">CAAAP</subfield>
    <subfield code="d">2022-04-06</subfield>
    <subfield code="i">7753</subfield>
    <subfield code="l">0</subfield>
    <subfield code="o">FB43.K8 H79</subfield>
    <subfield code="r">2022-04-06</subfield>
    <subfield code="y">BK</subfield>
  </datafield>
</record>
